Normal view
MARC view
- الشعراء العرب - العصر العباسي الثاني - تراجم - تاريخ ونقد
Entry Topical Term
001 - CONTROL NUMBER
- control field: 39880
003 - CONTROL NUMBER IDENTIFIER
- control field: JO-AjAnu
005 - DATE AND TIME OF LATEST TRANSACTION
- control field: 20230606080628.0
008 - FIXED-LENGTH DATA ELEMENTS
- fixed length control field: 230606|| aca||aabn | a|a d
040 ## - CATALOGING SOURCE
- Original cataloging agency: JO-AjAnu
- Transcribing agency: JO-AjAnu
150 ## - HEADING--TOPICAL TERM
- Topical term or geographic name entry element: الشعراء العرب - العصر العباسي الثاني - تراجم - تاريخ ونقد
670 ## - SOURCE DATA FOUND
- Source citation: Work cat.: (JO-AjAnu)20447: تحقيق نصر، محمد إبراهيم ؛ مراجعة نصار، حسين محمد , author 39879, إبن سناء الملك حياته وشعره